000
00339nam a2200157Ia 4500
008
221030s9999 xx 000 0 und d
020
_a
0074515500
041
_a
English
082
_a
105.23
_b
Bhe
100
_a
Bhel
245
0
_a
Transformers
_c
by Bhel
260
_b
TMH
_a
New Delhi
_c
1998
300
_a
460
650
_a
EE
942
_c
BK
999
_c
6440
_d
6440